| 000 | 00820nmm a2200301 a 4500 | ||
|---|---|---|---|
| 003 | AR-BaBNM | ||
| 005 | 20251128202953.0 | ||
| 008 | 297019s1986 ||||||||||||||000 | spa|| | ||
| 020 | _a950-20-0354-3 | ||
| 040 | _cAR-BaBNM | ||
| 100 | 1 | _aCassagne, Juan Carlos | |
| 245 | 1 | 0 |
_aDerecho administrativo _n1 |
| 250 | _a2ยช ed. aum. y corr. | ||
| 260 |
_aBuenos Aires _bAbeledo-Perrot _c1986 |
||
| 300 | 0 | _a533 p. | |
| 500 | 0 | _aContiene listado de las obras del autor | |
| 500 | 0 | _aIndice p. 525-533 | |
| 650 | 4 | _aDERECHO ADMINISTRATIVO | |
| 650 | 4 | _aESTADO | |
| 650 | 4 | _aDERECHO PUBLICO | |
| 650 | 4 | _aFUNCION PUBLICA | |
| 650 | 4 | _aORGANIZACION ADMINISTRATIVA | |
| 650 | 4 | _aEMPRESAS PUBLICAS | |
| 650 | 4 | _aRESPONSABILIDAD DEL ESTADO | |
| 650 | 4 | _aADMINISTRACION PUBLICA | |
| 942 | _cBK | ||
| 998 | _cAndrea | ||
| 999 |
_c1323 _d1323 |
||